Click the Movie Moms Quiz Stats

 Plays Quiz Updated Apr 12, 2018

Challenge
Share
Tweet
Score 0/24 Timer 04:00
7 Plays Today
% Correct
The Blind Side
91%
Mamma Mia!
89.1%
Erin Brockovich
88.9%
Forrest Gump
88.3%
Freaky Friday
87.5%
Home Alone
85.7%
Meet the Fockers
83.2%
Harry Potter and the
Chamber of Secrets
82.2%
Titanic
81.8%
Back to the Future
81.7%
Terminator 2:
Judgment Day
80.9%
Noah
78.8%
% Correct
Panic Room
78.3%
Throw Momma
from the Train
73.8%
Jerry Maguire
73.7%
American Reunion
73.6%
American Beauty
73.5%
The Shining
72.4%
The Others
70.6%
Wedding Crashers
66%
Poltergeist
64.2%
We Need to Talk
About Kevin
62.1%
A History of Violence
55.7%
Bill & Ted's
Excellent Adventure
54.1%

You're not logged in!

Compare scores with friends on all Sporcle quizzes.
OR
Log In

You Might Also Like...

Show Comments

Extras

Top Quizzes Today


Score Distribution

Your Account Isn't Verified!

In order to create a playlist on Sporcle, you need to verify the email address you used during registration. Go to your Sporcle Settings to finish the process.

Report this User

Report this user for behavior that violates our Community Guidelines.

Details: